Most Populous Islands of the Philippines - Statistics

General Stats
  • This quiz has been taken 440 times
  • The average score is 7 of 10
Answer Stats
Population Island % Correct
3,630,000 Cebu
89%
48,521,000 Luzon
87%
20,365,000 Mindanao
86%
793,000 Palawan
84%
4,195,000 Negros
73%
2,188,000 Leyte
71%
1,751,000 Samar
70%
1,164,000 Bohol
66%
1,239,000 Mindoro
61%
4,032,000 Panay
59%
No matching quizzes found
Score Distribution
Percent of People with Each Score
Percentile by Number Answered
Your Score History
You have not taken this quiz